South Eastern Kenya University

Library Online Public Access Catalogue


Accounting concepts & applications / (Record no. 8929)

MARC details
000 -LEADER
fixed length control field 00677cam a22001934a 4500
020 ## - ISBN
International Standard Book Number 0324066694 (Text and CD)
020 ## - ISBN
International Standard Book Number 0324111703 (Text only)
020 ## - ISBN
International Standard Book Number 0324067607 (CD only)
050 00 - LIBRARY OF CONGRESS CALL NUMBER
Classification Number HF5635
Item Number .S61 2002
245 00 - TITLE
Title Accounting concepts & applications /
Statement of responsibility, etc W. Steve Albrecht ... [et al.].
250 ## - EDITIONSTATEMENT
Edition statement 8th ed.
260 ## - PUBLICATION, DISTRIBUTION, ETC.(IMPRINT)
Place of publication, distribution, etc Cincinnati, Ohio [USA] :
Name of publisher, distributor, etc South-Western,
Date of publication, distribution, etc c2002.
300 ## - PHYSICAL DESCRIPTION
Extent 1 v. (various pagings):
500 ## - GENERALNOTE
General note Rev. ed. of: Accounting concepts and applications / K. Fred Skousen, W. Steve Albrecht, James D. Stice. 5th ed. c1996.
650 ## - SUBJECT--TOPIC
General subdivision Accounting.
700 1# - ADDED ENTRY--PERSONAL AUTHOR
Personal Name Albrecht, W. Steve.
700 1# - ADDED ENTRY--PERSONAL AUTHOR
Personal Name Skousen, K. Fred.
942 ## - ADDED ENTRY ELEMENTS(KOHA)
Source of classification or shelving scheme Library of Congress Classification
Koha item type General circulation
Holdings
Source of classification or shelving scheme Not for loan Location (home branch) Sublocation (holding branch) Shelving location Date accessioned Cost, normal purchase price Full call number Barcode Cost, replacement price Nonpublic note Koha item type Public note
Library of Congress Classification   Mtito Andei Centre Library Mtito Andei Centre Library   15/09/2015 772.00 HF5635 .S61 2002 2015/007440 849.00 Nzk General circulation Nzk
Kitui, Kenya.
+254736116989
library@seku.ac.ke